Specifické poruchy učení a chování sborník 1996

Salvato in:
Dettagli Bibliografici
Altri autori: Kucharská, Anna
Natura: Libro
Lingua:ceco
Pubblicazione: Praha Portál 1997
Soggetti:
Tags: Aggiungi Tag
Nessun Tag, puoi essere il primo ad aggiungerne!!

MARC

LEADER 00000nam a2200000 4500
001 c103130
005 20221124074000.1
022 |a 1211-670X 
041 0 |a cze 
044 |a CZ 
245 1 0 |a Specifické poruchy učení a chování  |b sborník 1996  |c Anna Kucharská, ed. 
264 1 |a Praha  |b Portál  |c 1997 
300 |a 203 s. 
610 2 0 |a pedagogika 
610 2 0 |a učitelia 
610 2 0 |a správanie 
610 2 0 |a študenti 
610 2 0 |a vzdelávanie 
610 2 0 |a školy 
610 2 0 |a školy základné 
610 2 0 |a osobnosť 
700 1 |a Kucharská, Anna